I laici nella "Societas christiana" dei secoli XI e XII : (Record n. 26119)

Dettagli MARC
000 -LEADER
fixed length control field 01508nam a2200289 i 4500
003 - CONTROL NUMBER IDENTIFIER
control field IT-RoINE
005 - DATE AND TIME OF LATEST TRANSACTION
control field 20200515100825.0
008 - FIXED-LENGTH DATA ELEMENTS--GENERAL INFORMATION
fixed length control field 000401s1968 it |r 1 1|||ita|d
040 ## - CATALOGING SOURCE
Original cataloging agency SpMaBN
Transcribing agency CDM IT-RoINE
Modifying agency IT-RoINE
041 0# - LANGUAGE CODE
Language code of text/sound track or separate title fre
-- ita
-- lat
110 2# - MAIN ENTRY--CORPORATE NAME
Corporate name or jurisdiction name as entry element Università cattolica del Sacro Cuore.
Subordinate unit Centro di studi medioevali.
-- Settimana internazionale di studio
Number of part/section/meeting (3ª.
Date of meeting or treaty signing 1965.
Location of meeting Passo della Mendola, Italia)
9 (RLIN) 51717
245 12 - TITLE STATEMENT
Title I laici nella "Societas christiana" dei secoli XI e XII :
Remainder of title atti della terza Settimana internazionale di studio, Mendola, 21-27 agosto 1965.
260 ## - PUBLICATION, DISTRIBUTION, ETC. (IMPRINT)
Place of publication, distribution, etc Milano :
Name of publisher, distributor, etc Vita e Pensiero,
Date of publication, distribution, etc [1968]
300 ## - PHYSICAL DESCRIPTION
Extent XVII, 785 p. ;
Dimensions 24 cm.
336 ## - CONTENT TYPE
Source rdacontent
Content type term text
337 ## - MEDIA TYPE
Source rdamedia
Media type term unmediated
338 ## - CARRIER TYPE
Source rdacarrier
Carrier type term volume
490 1# - SERIES STATEMENT
Series statement Pubblicazioni dell'Università cattolica del Sacro Cuore.
-- Contributi.
-- Serie terza,
-- Varia ;
Volume number/sequential designation 5
490 1# - SERIES STATEMENT
Series statement Pubblicazioni dell'Università cattolica del Sacro Cuore.
-- Miscellanea del Centro di studi medioevali ;
Volume number/sequential designation 5
500 ## - GENERAL NOTE
General note Incluye índices.
504 ## - BIBLIOGRAPHY, ETC. NOTE
Bibliography, etc Incluye referencias bibliográficas en notas.
546 ## - LANGUAGE NOTE
Language note Textos en francés, italiano y latín.
650 #4 - SUBJECT ADDED ENTRY--TOPICAL TERM
Topical term or geographic name as entry element Seglares
General subdivision Iglesia Católica
Chronological subdivision Siglos 11o.-12o.
Form subdivision Congresos
9 (RLIN) 51718
830 #0 - SERIES ADDED ENTRY--UNIFORM TITLE
9 (RLIN) 51719
Uniform title Pubblicazioni dell'Università cattolica del Sacro Cuore.
Name of part/section of a work Contributi.
Number of part/section of a work Serie terza,
Name of part/section of a work Varia
Volume number/sequential designation 5
830 #0 - SERIES ADDED ENTRY--UNIFORM TITLE
9 (RLIN) 51709
Uniform title Pubblicazioni dell'Università cattolica del Sacro Cuore.
Name of part/section of a work Miscellanea del Centro di studi medioevali
Volume number/sequential designation 5
942 ## - ADDED ENTRY ELEMENTS (KOHA)
Item type Monografías
Dati di copia
Withdrawn status Lost status Damaged status Not for loan Home library Current library Date acquired Total Checkouts Full call number Barcode Date last seen Price effective from Koha item type
        Iglesia Nacional Española en Roma Iglesia Nacional Española en Roma 17/07/2018   HIS.ECL 225 51737 17/07/2018 17/07/2018 Monografías